书目信息 |
| 题名: |
寒潮年鉴
|
|
| 作者: | ;东北、华北、西北寒潮大风科研协作组 编 | |
| 分册: | ||
| 出版信息: | 北京 气象出版社 1984 |
|
| 页数: | 171页 | |
| 开本: | 25cm | |
| 丛书名: | ||
| 单 册: | ||
| 中图分类: | P458.1-54 | |
| 科图分类: | ||
| 主题词: | 寒潮--中国--1969~1970--年鉴 , 天气预报 | |
| 电子资源: | ||
| ISBN: | ||
| 000 | 00743nam0 2200241 45 | |
| 001 | 0184009146 | |
| 005 | 20061122144447.04 | |
| 010 | @dCNY3.10 | |
| 091 | @aCN@b13194.0038 | |
| 100 | @a19950515d1984 em y0chiy0121 ea | |
| 101 | 0 | @achi |
| 102 | @aCN@b110000 | |
| 105 | @ay z 000yy | |
| 200 | 10 | @a寒潮年鉴@Ahan chao nian jian@e1969.9-1970.5@f东北、华北、西北寒潮大风科研协作组编 |
| 210 | @a北京@c气象出版社@d1984 | |
| 215 | @a171页@d25cm | |
| 606 | @a寒潮@y中国@z1969~1970@x年鉴 | |
| 606 | 0 | @a天气预报 |
| 690 | @aP458.1-54@v3 | |
| 711 | 02 | @a东北、华北、西北寒潮大风科研协作组@Adong bei、 hua bei、 xi bei han chao da feng ke yan xie zuo zu@4编 |
| 801 | 2 | @aCN@bNLC@c20061122 |
| 801 | 0 | @aCN@bTSSF |
| 905 | @a10447@dP458.1-54@e16 | |
| 寒潮年鉴:1969.9-1970.5/东北、华北、西北寒潮大风科研协作组编.-北京:气象出版社,1984 |
| 171页;25cm |
| ISBN :CNY3.10 |
| ● |
| 相关链接 |
|
|
|
|
正题名:寒潮年鉴
索取号:P458.1-54/16
 
预约/预借
| 序号 | 登录号 | 条形码 | 馆藏地/架位号 | 状态 | 备注 |
| 1 | 0138564 | 202106309 | 第二样本阅览室/ [索取号:P458.1-54/16] | 在馆 |